LEADER 00904nam a2200217 i 4500 001 000000073657 003 CaOOAMICUS 005 20131022000000.0 008 131022s1844 it u000 u ita u 013 $a44829 040 $aSeMil$bita 100 1 $aAudisio, Guglielmo <1802-1882>.$0(OLS)http://semarc/name/4298 245 10$aDella educazione morale e scientifica del clero conforme ai bisogni religiosi e civili /$cper Guglielmo Audisio. 260 $aTorino :$bStamperia Reale,$c1844. 300 $aIX, 288 p. ;$c16 cm. 850 $aSeMil 852 $aSeMil$W1$xVenegono$y1$m2R I 109 FA$j39809$B39809$CSeMilBibl$Z2$F39813 $8I 941 1 $a10 961 $aRecupero: Mantegazza 996 $6245$aDella educazione morale e scientifica del clero conforme ai bisogni religiosi e civili$9(OLS)http://semarc/title/118938 996 $6260$aTorino :$bStamperia Reale$9(OLS)http://semarc/publisher/34077 LEADER 01124nam a2200277 i 4500 001 000000119578 003 CaOOAMICUS 005 20031030000000.0 008 031030s2003 it u000 u ita u 013 $a92272 020 $a84-96200-96-5 040 $aSeMil$bita 100 1 $aGordimer, Nadine,$d<1923-2014>.$0(OLS)http://semarc/name/42451 240 10$aNone to accompany me.$0(OLS)http://semarc/title/175762 245 10$aNessuno al mio fianco /$cNadine Gordimer ; traduzione di Marco Papi. 260 $aRoma :$bLa Biblioteca di Repubblica,$c2003. 300 $a283 p. ;$c22 cm. 490 0 $aNovecento ;$v89 700 1 $aPapi, Marco.$0(OLS)http://semarc/name/20069 830 0$aNovecento ;$v89.$0(OLS)http://semarc/title/8369 850 $aSeMil 852 $aSeMil$W1$xVenegono$y1$m1O V 121$j74785$B74785$CSeMilBibl$Z2$F94961 $81 961 $aOmaggio: Ghiringhelli prof. Livio 996 $6020$a84-96200-96-5$9(OLS)http://semarc/number/104499 996 $6245$aNessuno al mio fianco$9(OLS)http://semarc/title/175761 996 $6260$aRoma :$bLa Biblioteca di Repubblica$9(OLS)http://semarc/publisher/32010